• 首页
  • 本馆介绍
  • 公告通知
  • 最新文献
  • 馆藏检索
  • 电子资源
  • 读者导购
  • 参考咨询
  • 我的图书馆
  • 登录
  • 详细信息显示
  • 放入我的书架
  • 预约/预借图书
  • 作者相关作品
  • 分类相关作品
  • 丛书相关作品
  • 出版社相关作品

书目信息

  • 表格格式
  • 工作单格式
  • 卡片格式
题名:
商标注册制度
    
 
作者: 杨建锋 著
分册:  
出版信息: 北京   中央编译出版社  2013
页数: 236页
开本: 24cm
丛书名: 当代中国学术文库
单 册:
中图分类: F760.5
科图分类:
主题词: 商标管理--Shang Biao Guan Li--制度--研究
电子资源:
ISBN: 978-7-5117-1238-7
000 01055nam0 22002771 450
001 350176
005 20161009104728.35
010    @a978-7-5117-1238-7@dCNY46.00
100    @a20130219d2013 em y0chiy50 ea
101 0  @achi
102    @aCN@b110000
105    @ay a 000yy
106    @ar
200 1  @a商标注册制度@AShang Biao Zhu Ce Zhi Du@e基于TRIPS协定下的研究@f杨建锋著
210    @a北京@c中央编译出版社@d2013
215    @a236页@d24cm
225 2  @a当代中国学术文库@ADang Dai Zhong Guo Xue Shu Wen Ku
300    @a本书受上海对外贸易学院东方学者项目支持 (编号“B-7113-11-004-国际经济法研究团)
330    @a本书主要内容包括: TRIPS协定下商标注册制度的理论探讨 ; TRIPS协定下商标注册义务的基本内容 ; TRIPS协定下有关商标注册的争端案例研究等。
461  0 @12001 @a当代中国学术文库
517 1  @a基于TRIPS协定下的研究@AJi Yu TRIPSXie Ding Xia De Yan Jiu
606 0  @a商标管理@AShang Biao Guan Li@x制度@x研究
690    @aF760.5@v5
701  0 @a杨建锋@AYang Jian Feng@4著
801  0 @aCN@bTANGWEI@c20160803
905    @b0888705-9@dF760.5@e50@f5
    
    商标注册制度:基于TRIPS协定下的研究/杨建锋著.-北京:中央编译出版社,2013
    236页;24cm.-(当代中国学术文库)
    本书受上海对外贸易学院东方学者项目支持 (编号“B-7113-11-004-国际经济法研究团)
    
    ISBN 978-7-5117-1238-7:CNY46.00
    本书主要内容包括: TRIPS协定下商标注册制度的理论探讨 ; TRIPS协定下商标注册义务的基本内容 ; TRIPS协定下有关商标注册的争端案例研究等。
●
相关链接 在E读中查询图书 在五车中查询图书 在当当中查询图书 在豆瓣中查询图书


正题名:商标注册制度     索取号:F760.5/50         预约/预借

序号 登录号 条形码 馆藏地/架位号 状态 备注
1 0888705   208887052   第一样本阅览室/ [索取号:F760.5/50] 在馆    
2 0888706   208887061   第一借阅区/ [索取号:F760.5/50] 在馆    
3 0888707   208887070   第一借阅区/ [索取号:F760.5/50] 在馆    
4 0888708   208887089   第一借阅区/ [索取号:F760.5/50] 在馆    
5 0888709   208887098   密集书库-海洋学院/ [索取号:F760.5/50] 在馆    
唐山师范学院图书馆 欢迎您!
大连网信软件有限公司© 版权所有